Security for payment (Record no. 95265)
[ view plain ]
| 000 -LEADER | |
|---|---|
| fixed length control field | 01052cam a2200265 4500 |
| 008 - FIXED-LENGTH DATA ELEMENTS--GENERAL INFORMATION | |
| fixed length control field | 970304 1996 1 |
| 020 ## - INTERNATIONAL STANDARD BOOK NUMBER | |
| International Standard Book Number | 0951486675 |
| 035 ## - SYSTEM CONTROL NUMBER | |
| System control number | (Sirsi) u69998 |
| 041 0# - LANGUAGE CODE | |
| Language code of text/sound track or separate title | eng |
| 050 04 - LIBRARY OF CONGRESS CALL NUMBER | |
| Classification number | 692.8 $2 18 |
| 110 2# - MAIN ENTRY--CORPORATE NAME | |
| Corporate name or jurisdiction name as entry element | King's College London |
| Subordinate unit | Centre of Construction Law and Management |
| 9 (RLIN) | 2173 |
| 245 00 - TITLE STATEMENT | |
| Title | Security for payment |
| 260 ## - PUBLICATION, DISTRIBUTION, ETC. | |
| Place of publication, distribution, etc. | London |
| Name of publisher, distributor, etc. | Construction Law Press |
| Date of publication, distribution, etc. | 1996 |
| 300 ## - PHYSICAL DESCRIPTION | |
| Extent | xxxiii, 278p. |
| Dimensions | 21cm. |
| 350 ## - PRICE (NR) (BK AM CF MU VM SE) [OBSOLETE] | |
| Price | 18.99 |
| 490 ## - SERIES STATEMENT | |
| Series statement | Construction Law Press Contemporary Issues in Construction Law Series |
| Volume/sequential designation | 1 |
| 520 ## - SUMMARY, ETC. | |
| Summary, etc. | A collection of papers by specialists on all aspects of security for payment in the construction industry including the pari passu distribution rule, bonds and guarantees, Canadian practice and the JCT retention trust. |
| 650 24 - SUBJECT ADDED ENTRY--TOPICAL TERM | |
| Topical term or geographic name entry element | PARI PASSU RULE |
| 651 #4 - SUBJECT ADDED ENTRY--GEOGRAPHIC NAME | |
| Geographic name | International |
| 690 ## - LOCAL SUBJECT ADDED ENTRY--TOPICAL TERM (OCLC, RLIN) | |
| Topical term or geographic name as entry element | BUILT ENVIRONMENT-CONSTRUCTION MANAGEMENT-BUILDING CONTRACT ADMINISTRATION |
| 700 1# - ADDED ENTRY--PERSONAL NAME | |
| Personal name | Davis, Richard |
| Relator term | Editor |
| 700 1# - ADDED ENTRY--PERSONAL NAME | |
| Personal name | Odams, A. Martin |
| Relator term | Editor |
| 942 ## - ADDED ENTRY ELEMENTS (KOHA) | |
| Suppress in OPAC | 0 |
| 948 ## - LOCAL PROCESSING INFORMATION (OCLC); SERIES PART DESIGNATOR (RLIN) | |
| c (OCLC) | 04/03/1997 |
| Withdrawn status | Lost status | Source of classification or shelving scheme | Damaged status | Not for loan | Home library | Current library | Shelving location | Date acquired | Total Checkouts | Full call number | Barcode | Date last seen | Date last checked out | Copy number | Price effective from | Koha item type |
|---|---|---|---|---|---|---|---|---|---|---|---|---|---|---|---|---|
| Dewey Decimal Classification | London | London | Books | 25/01/2001 | 8 | 692.8 CEN | 30061138 | 06/08/2019 | 20/02/2009 | 1 | 06/08/2019 | Book |